000 00660nam a22002057a 4500
999 _c182185
_d182185
005 20220216111929.0
010 _aENG-130085
020 _a978-93-81332-47-4
_c150.00
035 _aEN-113617
037 _bDBAD/PUB
082 _a363.7
100 _aShiva,D
245 _aEnvironmental Studies:
_cby D. Shiva, Balaji Loganathan
250 _a2011
260 _bSree Ghomathee Publications
_c2011
_aChennai
270 _a26/1A, Bharathi Salai, Pycrofts Road
_bChennai
_k9566571504
_e600005
_msreeghomatheepublication@yahoo.com
300 _a312p.
_c22cm (pbk)
700 _aby Shiva D, by Loganatan Balaji
942 _2ddc
_cEN
_h363.7
_mShi